00335nam a22000977a 4500008004100000100002700041245004700068260004500115300003200160773004500192220928b ||||| |||| 00| 0 eng d aBhattacharjee, Rukmini aState–market interface and globalisation aIndian Journal of Public Administration  a68(3), Sep, 2022: p.486-490 aIndian Journal of Public Administration